Διοίκηση Ανθρώπινων Πόρων / Υποστηρίζεται από Ειδικό Software για τον Προγραμματισμό του Ανθρώπινου Δυναμικού (Record no. 6357)
[ view plain ]
| 000 -LEADER | |
|---|---|
| fixed length control field | 02214cam a22002174a 4500 |
| 005 - ΗΜΕΡΟΜΗΝΙΑ ΚΑΙ ΩΡΑ ΤΕΛΕΥΤΑΙΑΣ ΕΝΗΜΕΡΩΣΗΣ | |
| Πεδίο ελέγχου | 20250605164240.0 |
| 008 - FIXED-LENGTH DATA ELEMENTS--GENERAL INFORMATION | |
| Πεδίο ελέγχου σταθερού μήκους | 250528s ||||||||||||||||||||||||d |
| 035 ## - SYSTEM CONTROL NUMBER | |
| System control number | 21292 |
| 020 ## - ISBN | |
| ISBN | 9789602184981 |
| 040 ## - ΠΗΓΗ ΚΑΤΑΛΟΓΟΓΡΑΦΗΣΗΣ | |
| Φορέας πρωτότυπης καταλογογράφησης | MC Athens Campus Library |
| Γλώσσα καταλογογράφησης | Ελληνικά, Μοντέρνα (1453-) |
| Modifying agency | MC Athens Campus Library |
| Κανόνες περιγραφικής καταλογογράφησης | AACR2 |
| 245 1# - ΤΙΤΛΟΣ ΚΑΙ ΔΗΛΩΣΗ ΥΠΕΥΘΥΝΟΤΗΤΑΣ | |
| Τίτλος | Διοίκηση Ανθρώπινων Πόρων / Υποστηρίζεται από Ειδικό Software για τον Προγραμματισμό του Ανθρώπινου Δυναμικού |
| 250 ## - EDITION STATEMENT | |
| Edition statement | 1η |
| 260 ## - PUBLICATION, DISTRIBUTION, ETC. | |
| Name of publisher, distributor, etc. | Κριτική, |
| Date of publication, distribution, etc. | 2006 |
| 300 ## - PHYSICAL DESCRIPTION | |
| Extent | 375 |
| 505 0# - FORMATTED CONTENTS NOTE | |
| Formatted contents note | Πρόλογος, Εισαγωγή, Στρατηγικός Προγραμματισμός των Ανθρώπινων Πόρων, Ειδικές Εφαρμογές Προγραμματισμού του Ανθρώπινου Δυναμικού, Ανάλυση των Στοιχείων της Εργασίας, Προσέλκυση και Επιλογή Υποψηφίων, Εκπαίδευση και Ανάπτυξη των Ανθρώπινων Πόρων, Αξιοόγηση της Απόδοσης των Εργαζομένων, Πολιτική των Αμοιβών, Υγιεινή και Ασφάλεια της Εργασίας, Εργασιακές Σχέσεις Πειθαρχία και Παράπονα, Βιβλιογραφία, Ευρετήριο. |
| 520 ## - SUMMARY, ETC. | |
| Summary, etc. | Πρόλογος, Εισαγωγή, Στρατηγικός Προγραμματισμός των Ανθρώπινων Πόρων, Ειδικές Εφαρμογές Προγραμματισμού του Ανθρώπινου Δυναμικού, Ανάλυση των Στοιχείων της Εργασίας, Προσέλκυση και Επιλογή Υποψηφίων, Εκπαίδευση και Ανάπτυξη των Ανθρώπινων Πόρων, Αξιοόγηση της Απόδοσης των Εργαζομένων, Πολιτική των Αμοιβών, Υγιεινή και Ασφάλεια της Εργασίας, Εργασιακές Σχέσεις Πειθαρχία και Παράπονα, Βιβλιογραφία, Ευρετήριο. |
| 700 1# - ΠΡΟΣΘΕΤΗ ΑΝΑΓΡΑΦΗ--ΦΥΣΙΚΟ ΠΡΟΣΩΠΟ | |
| Personal name | Μούζα-Λαζαρίδη Άννα-Μαρία |
| 9 (RLIN) | 7338 |
| 942 ## - ADDED ENTRY ELEMENTS (KOHA) | |
| Koha item type | Books |
| Τύπος τεκμηρίου | Βιβλιοθήκη | Τρέχουσα τοποθεσία | Barcode | Αριθμός εισαγωγής | Ημερομηνία απόκτησης | Ταξιθετικό σύμβολο | Αριθμός αντιτύπου | Κατάσταση απόσυρσης | Κατάσταση χαμένου | Κατάσταση κατεστραμμένου | Μη δανεισμός | Σύνολο δανεισμών | Ημερομηνία τελευταίας εμφάνισης | Η τιμή ισχύει από |
|---|---|---|---|---|---|---|---|---|---|---|---|---|---|---|
| Books | MC Athens Campus Library | MC Athens Campus Library | 9780000063564 | 5386 | 05/06/2025 | 658.3 MOU | 2 | 05/06/2025 | 05/06/2025 |